Statistics for 香川県地図付きクイズ

Click here to take the quiz!

General Stats

  • This quiz has been taken 6 times
  • The average score is 11 of 17

Answer Stats

Answer % Correct
高松
100%
坂出市
83%
東かがわ市
83%
丸亀市
83%
三豊市
83%
さぬき市
67%
多度津町
67%
綾川町
67%
三木町
67%
宇多津町
67%
善通寺市
67%
小豆島町
67%
琴平町
67%
観音寺市
50%
まんのう町
50%
直島町
50%
土庄町
17%

Score Distribution

Percentile by Number Answered

Percent of People with Each Score

Your Score History

You have not taken this quiz